00663nam a2200229Ia 4500003001700000005001700017008004100034020001800075040000700093041001200100082001800112100002400130245001800154260002800172300001200200365001300212650002300225906001800248942001200266999001900278952013600297St Aloysius Coll20250723095725.0210423s2010 xx 000 0 und d a9780415069618 cAL aEnglish a149.97 bSMAP aBarry Smart9219746 aPostmodernity aLondonbRoutledgec2010 a169bPB b525cINR aPhilosophy9219747 aPostmodernity 2ddccBK c160023d160023 001040708MAENGaSACPGbSACPGd2011-09-21eKnowledge Worldg525.00l0o149.97 SMAPpPG006502r2022-08-24 00:00:00w2021-04-26yBK